| 000 | 03207ncm0a2200541 4500 | ||
|---|---|---|---|
| 001 | RU\NLR\ONIZ\263157 | ||
| 005 | 20250624030217.0 | ||
| 035 | _a(NLR Aleph) 012411843 | ||
| 090 |
_a11779857 _c11779857 |
||
| 100 | _a20201008d1905 |||y0rusy50 ca | ||
| 101 | 0 | _arus | |
| 102 | _aRU | ||
| 125 | _acx | ||
| 128 | _aopf | ||
| 135 | _acrgn 008anaba | ||
| 145 | 0 | _ac | |
| 200 | 1 |
_aКлеопатра _bНоты _e(Царица Египета) _eопера "буфф" _eдля пения и фортепиано с текстом _fмузыка: А. А. Тонни-Шильган _gлибретто: П. В. Панина |
|
| 208 | _a[Клавир] | ||
| 210 |
_a[Санкт-Петербург] _cсобствоное издание композитора _d[1905] |
||
| 215 |
_a[2], 76 с. _cил., портр. _d33 см |
||
| 300 | _aНа тит. л.: портр. исполнителей главных ролей | ||
| 300 | _aСохранена оригинальная пунктуация | ||
| 313 | _aСистематизация документа проведена по изданию - Методика классифицирования музыкальных произведений (нотных изданий) по таблицам Библиотечно-библиографических классификаций : метод. рекомендации / Гос. б-ка СССР им. В.И. Ленина.- М., 1977. Индексу ББК методических рекомендаций присваивается код ББК для научных библиотек - LBC/SL | ||
| 325 | _aКопия доступна в Электрон. б-ке РНБ | ||
| 600 | 0 |
_aКлеопатра _f69-30 до н.э. _cцарица египетская _xМузыкальные интерпретации _jНоты _2nlr_sh _7ba |
|
| 606 | 1 |
_aОперы русские _z20 в. _jНоты _jКлавиры _2nlr_sh |
|
| 606 | 1 |
_aОперетты русские _z20 в. _jНоты _2nlr_sh |
|
| 686 |
_aЩ971(28)Фп _vLBC/SL _2rubbk |
||
| 686 |
_aЩ973(28)Фп _vLBC/SL _2rubbk |
||
| 700 | 1 |
_9z01790 _aТонни-Шильган _bА. А. _gАнтон Антонович _4230 _7ca |
|
| 702 | 1 |
_9z05790 _aПанин _bП. В. _cлибреттист _4480 _7ca |
|
| 702 | 1 |
_9z06790 _aБрянский _bА. А. _f1866-1926 _gАлександр Александрович _4300 _7ca |
|
| 702 | 1 |
_9z07790 _aТумпаков _bП. В. _f1859-1911 _gПетр Вионорович _4570 _7ca |
|
| 790 | 1 |
_9z01700 _aTonni-Šilgan _bA. A. _gAnton Antonovič _4230 _7ba |
|
| 790 | 1 |
_9z05702 _aPanin _bP. V. _4480 _7ba |
|
| 790 | 1 |
_9z06702 _aBrjanskij _bA. A. _f1866-1926 _gAleksandr Aleksandrovič _4300 _7ba |
|
| 790 | 1 |
_9z07702 _aTumpakov _bP. V. _f1859-1911 _gPetr Vionorovič _4570 _7ba |
|
| 801 | 0 |
_aRU _bNLR _c20201008 _gPSBO |
|
| 801 | 1 |
_aRU _bNLR _c20201008 _2rusmarc |
|
| 801 | 2 |
_aRU _bNLR _c20201008 |
|
| 852 |
_aNLR _bМ _j348-4/Т.571 _p145648 _t1 |
||
| 942 | _cSCORE | ||
| 980 | _aNB | ||
| 980 | _aONIZ | ||
| 981 | 2 | 4 |
_a(24) Нотные издания и аудиозаписи _b(24) Оперы, оперетты |